Comprendre Machiavel (notice n° 1926030)

détails MARC
000 -LEADER
fixed length control field 01423cam a2200133 4500500
005 - DATE AND TIME OF LATEST TRANSACTION
control field 20260329023259.0
041 ## - LANGUAGE CODE
Language code of text/sound track or separate title fre
042 ## - AUTHENTICATION CODE
Authentication code dc
100 10 - MAIN ENTRY--PERSONAL NAME
Personal name Collin, Denis
Relator term author
245 00 - TITLE STATEMENT
Title Comprendre Machiavel
260 ## - PUBLICATION, DISTRIBUTION, ETC.
Name of publisher, distributor, etc. Armand Colin,<br/>
Date of publication, distribution, etc. 2008.<br/>
520 ## - SUMMARY, ETC.
Summary, etc. Peu d’auteurs ont une réputation aussi exécrable que Machiavel, devenu synonyme d’intelligence perverse et calculatrice. Ce livre montre à quel point cette interprétation est non seulement hâtive, mais fausse. Machiavel, fonctionnaire au service du pouvoir florentin et patriote déplorant l’absence d’un État italien unifié, s’est employé à tirer les leçons de changements majeurs dans le système économique et social de son temps. Confronté à la disparition des républiques féodales et à la montée en puissance du capitalisme, il conclut à la nécessité du volontarisme politique pour préserver la liberté de la cité et de l’individu tout au long d’une histoire qui ne sera plus qu’une crise permanente. Il refuse l’asservissement de la politique à la morale, par lucidité et non par cynisme. Maillon important d’une tradition politique où cousineront avec lui Spinoza, Rousseau ou Gramsci, il s’impose comme un précieux antidote à l’idéologie naïve de la démocratie d’aujourd’hui.
856 41 - ELECTRONIC LOCATION AND ACCESS
Uniform Resource Identifier <a href="https://shs.cairn.info/comprendre-machiavel--9782200351670?lang=fr&redirect-ssocas=7080">https://shs.cairn.info/comprendre-machiavel--9782200351670?lang=fr&redirect-ssocas=7080</a>

Pas d'exemplaire disponible.

PLUDOC

PLUDOC est la plateforme unique et centralisée de gestion des bibliothèques physiques et numériques de Guinée administré par le CEDUST. Elle est la plus grande base de données de ressources documentaires pour les Étudiants, Enseignants chercheurs et Chercheurs de Guinée.

Adresse

627 919 101/664 919 101

25 boulevard du commerce
Kaloum, Conakry, Guinée

Réseaux sociaux

Powered by Netsen Group @ 2025